Színes álmok napfényes vásznakon

Podrobná bibliografia
Hlavní autori: Vrabec, Mária, 1970- (ain), Szinyei Merse, Anna (Autor, uin)
Médium: Článok
Jazyk:maďarčina
Fyzický popis:Fotogr., obr.
Predmet:

MARC

LEADER 00000nab a2200000 a 4500
001 vtls000799375
003 SK-MaSNL
005 20260319075029.0
008 160321c2002 xo 0 hun
015 |a SNBRB2002/06-20824 
035 |a CLN000151030 
040 |a SNKBUCL  |b slo  |c SNKBUCL  |e AACR2 
041 0 |a hun 
044 |a xo  |c SK 
080 |a 75.071.1  |2 UDC-MRF-SK2 
080 |a 929 Szinyei Merse, Pál  |2 UDC-MRF-SK2 
100 1 |a Vrabec, Mária,  |d 1970-  |4 ain  |9 102331 
245 1 0 |a Színes álmok napfényes vásznakon  |c Vrabec Mária, Szinyei Merse Anna 
300 |b Fotogr., obr. 
600 1 7 |a Szinyei Merse, Pál,  |d 1845-1920  |2 snkbucl  |9 193732 
655 7 |a články z novín a časopisov  |2 snkbucl  |9 267496 
700 1 |a Szinyei Merse, Anna  |4 aut  |4 uin  |9 854282 
773 0 |t Vasárnap  |g Roč. 35, č. 20 (2002), s. 6-9 
850 |a Slovenská národná knižnica v Martine 
852 |a SNK  |b KIS3GCP 
958 |a HU 
958 |a BC 
958 |a RBX 
999 |c 1371939  |d 1373869